000 00471cam a2200169 4500
001 23791
005 20230410142347.0
008 060907n2005 vc spa
020 _a8820976781
035 _9funglode23959
050 1 4 _aBX 845
_bA615 2005
245 0 _aAnnuario pontificio :
_bper l'anno 2005 /
_cCitta del Vaticano
260 _a[Roma] :
_bLibreria Editrice Vaticana,
_c2005
300 _a2370 p.
_c18 cm.
610 2 0 _aCatholic Church
942 _2lcc
_cbk
999 _c94258
_d94258